000 01511nam a2200289 a 4500
001 000015970
005 20250502073819.0
008 100222s1981 dr 001 0 spa d
040 _aDO-SdBNP
_bspa
_cBNPHU
082 _a351.1724
_bJ17e
100 1 _aJácome Martínez, José María
_935878
245 1 3 _aLa evolución de la administración pública en los países en desarrollo y el caso de la República Dominicana /
_cJosé María Jácome Martínez ; prólogo Raymundo Amaro Guzmán.
260 _aSanto Domingo :
_bONAP,
_c1981.
300 _a308 p. ;
_c22 cm.
490 1 _aEstudios administrativos
_v7
504 _aIncluye bibliografía y notas al pie de páginas.
504 _aBibliografía: p. 291 -305.
505 0 _gPrólogo /
_rRaimundo Amaro Guzmán --
_tIntroducción --
_tÁfrica y Asia: la Administración para la Independencia y el Desarrollo Nacional:
_tAmérica Latina: la debilidad de la capacidad administrativa para el desarrollo --
_tEl caso de la República Dominicana --
_gBibliografía.
590 _aInventariado,2018/DG
650 4 _aAdministración pública
_xPaíses en desarrollo
_935879
650 4 _aPlanificación del desarrollo
_xPaíses en desarrollo
_935880
650 4 _aAdministración pública
_xRepública dominicana
_919972
700 1 _aAmaro Guzmán, Raymundo
_epról.
_9656
710 1 _aRepública Dominicana.
_bOficina Nacional de Administración y Personal
_926398
830 0 _aEstudios administrativos
_v7
_935881
910 _aValidado. Control de calidad EMS
999 _c15512
_d15512